|
|
|
|
| LEADER |
00000cam a2200000 7i4500 |
| 001 |
0000003189 |
| 005 |
20050310.0 |
| 020 |
0 |
0 |
|a 0851995934
|
| 090 |
0 |
0 |
|a 631.422
|b TRE
|
| 245 |
0 |
0 |
|a Trees, crops, and soil fertility :
|b concepts and research methods
|c edited by G. Schroth and F.L. Sinclair.
|
| 260 |
0 |
0 |
|a Wallingford, Oxon, UK ;
|a Cambridge, MA : :
|b CABI Pub., ,
|c c2003.
|
| 300 |
|
|
|a xii, 437 p. : :
|b ill. ; ;
|c 24 cm.
|
| 650 |
0 |
0 |
|a Agroforestry.
|
| 650 |
0 |
0 |
|a Agroforestry
|x Research.
|
| 650 |
0 |
0 |
|a Soil fertility.
|
| 650 |
0 |
0 |
|a Soil fertility
|x Research.
|
| 700 |
1 |
1 |
|a Schroth, G. [
|q (Goetz)]
|
| 700 |
1 |
1 |
|a Sinclair, Fergus L.
|
| 999 |
|
|
|a 0000006141
|b Monograph
|c Open Shelf
|e Default branch
|